عرض عادي عرض مارك
  • Taylor, Alan M.,

مدخل إسم شخص

عدد التسجيلات المستخدمة في: 1

001 - رقم الضبط

  • حقل الضبط: 17778

003 - معرف رقم الضبط

  • حقل الضبط: OSt

005 - تاريخ ووقت أخر عملية

  • حقل الضبط: 20121130020600.0

008 - عناصر بيانات ثابتة الطول

  • حقل تحكم ثابت الطول: 121130|||a|||||| | ||| d

040 ## - مصدر الفهرسة

  • هيئة الفهرسة الأصلية: OSt
  • وكالة الكتابة: OSt

100 ## - مدخل -- أسم شخص

  • إسم شخص: Taylor, Alan M.,
  • تواريخ مرتبطة بالاسم: 1964-

670 ## - بيانات المصدر موجوده

  • الاستشهاد بالمصدر: Work cat.: (OSt)0: Feenstra, Robert C. 17776, International economics /, c2008.